Open Data Biblioteca Nacional de Portugal


República Portuguesa: Ministério da Cultura
Biblioteca Nacional de Portugal

Catálogo da BNP: acesso por Identificadores Unívocos
Registos Bibliográficos associados ao registo de autoridade

Etiqueta de registo: 00254nam 2200025 450
001 2286376
003 http://id.bnportugal.gov.pt/bib/catbnp/2286376
100 ## $a20260515d2025 k y0pory01030103ba
101 0# $apor$deng
102 ## $aPT
105 ## $aa m 001yy
106 ## $ar
200 1# $aEspectros de complexidade$eentre antologias e arquipélagos $earquipelagicidade e comparativismo a partir de 'Macaronésia'$fFrancisco C. Marques$gorient. Inocência Mata, Ana Isabel Moniz
210 #9 $aLisboa$c[s.n.],$d2025
215 ## $a235 p.$cil.$d30 cm
328 #1 $aTese dout. Estudos da Literatura e Cultura (Estudos Comparatistas), Faculdade de Letras da Universidade de Letras, 2025
675 ## $a821.1/.8-82.09(043)$vBN$zpor$32001298
700 #1 $92$aMarques,$bFrancisco C.$31886666
702 #1 $aMata,$bInocência,$f1957-$4727$379816
702 #1 $aMoniz,$bAna Isabel,$f1966-$4727$3238548
801 #0 $aPT$bBN$gRPC
966 ## $lBN$mFGMON$sL. 182169 V.$x1
971 ## $cisantos$d20260515
973 ## $cigoulao$d20260622

Etiqueta de registo: 00379nas 2200205 450
001 2136453
003 http://id.bnportugal.gov.pt/bib/catbnp/2136453
011 ## $a2975-9331
100 ## $a20230630a20239999m y0pory01030103ba
101 0# $apor
102 ## $aPT
106 ## $as
110 ## $aapazz 0uu0
135 ## $avrcu ---uuuuu
200 1# $aEnciclopédia digital em estudos insulares$f Centro de Estudos Comparatistas da Faculdade de Letras da Universidade de Lisboa$ged. Ana Isabel Moniz, Godfrey Baldacchino, Francisco C. Marques
207 #0 $a2023-
210 #9 $aLisboa$cCentro de Estudos Comparatistas da Faculdade de Letras da Universidade de Lisboa,$d2023-
326 ## $aAtualização contínua
530 1# $aEnciclopédia digital em estudos insulares$b(Lisboa)
620 ## $dLisboa
675 ## $a821.09(031)(0.034)$vBN$zpor$31886658
675 ## $a165.7(031)(0.034)$vBN$zpor$31886660
675 ## $a316.27(031)(0.034)$vBN$zpor$31886661
702 #1 $aMoniz,$bAna Isabel,$f1966-$4340$3238548
702 #1 $aBaldacchino,$bFrancisco$4340$31886663
702 #1 $92$aMarques,$bFrancisco C.$4340$31886666
712 02 $aUniversidade de Lisboa.$bCentro de Estudos Comparatistas$4650$31118594
801 #0 $aPT$bBN$gRPC
802 ## $a18
856 40 $uhttps://insularidades.letras.ulisboa.pt/
971 ## $clrevez$d20230630

OpendataBNP@bnportugal.pt | Mais informação sobre acesso aos dados BNP